| 000 | 00396nam a2200157Ia 4500 | ||
|---|---|---|---|
| 005 | 20250703161253.0 | ||
| 008 | 240331s9999 xx 000 0 und d | ||
| 020 | _a955201560X | ||
| 082 |
_bDIS _a891 |
||
| 100 | _aDissanayake,K | ||
| 245 | 0 | _aGinnen upan daruwoo | |
| 260 |
_aColombo _bS. Godage & Brothers _c1995 |
||
| 300 | _a361 p ., | ||
| 500 | _aA novel - Children Born of Fire | ||
| 942 | _cL | ||
| 999 |
_c4826 _d4826 |
||